Analýza hospodárskych reforiem v Číne a pohľad na vývoj provincií Jiangsu a Hebei
Makroekonomický vývoj v Číne. Priame zahraničné investície. Zahraničný obchod. Transformácia štátnych podnikov. Transformácia bankovníctva a kapitálový trh. Vzdelanie a pracovná sila. Regionálna politika. Hospodárska reforma v provincii Jiangsu a v provincii Hebei.
Salvato in:
| Autore principale: | |
|---|---|
| Natura: | Capitolo di libro |
| Lingua: | slovacco |
| Soggetti: | |
| Tags: |
Nessun Tag, puoi essere il primo ad aggiungerne!!
|
MARC
| LEADER | 00000naa a2200000 4500 | ||
|---|---|---|---|
| 001 | r034621 | ||
| 005 | 20230922115152.8 | ||
| 041 | 0 | |a slo | |
| 044 | |a SK | ||
| 245 | 1 | 0 | |a Analýza hospodárskych reforiem v Číne a pohľad na vývoj provincií Jiangsu a Hebei |c Daneš Brzica |
| 520 | |a Makroekonomický vývoj v Číne. Priame zahraničné investície. Zahraničný obchod. Transformácia štátnych podnikov. Transformácia bankovníctva a kapitálový trh. Vzdelanie a pracovná sila. Regionálna politika. Hospodárska reforma v provincii Jiangsu a v provincii Hebei. | ||
| 610 | 2 | 0 | |a vývoj hospodársky |
| 610 | 2 | 0 | |a Čína |
| 610 | 2 | 0 | |a reformy hospodárske |
| 610 | 2 | 0 | |a transformácia |
| 610 | 2 | 0 | |a politika hospodárska |
| 610 | 2 | 0 | |a ukazovatele makroekonomické |
| 610 | 2 | 0 | |a investície priame zahraničné |
| 610 | 2 | 0 | |a obchod zahraničný |
| 610 | 2 | 0 | |a podnik |
| 610 | 2 | 0 | |a bankovníctvo |
| 610 | 2 | 0 | |a trh kapitálový |
| 610 | 2 | 0 | |a politika regionálna |
| 100 | 1 | |a Brzica, Daneš | |